000 01165 a2200205 4500
003 Nust
005 20220729120926.0
010 _a 98040882
020 _a0135258170
040 _cNust
082 0 0 _a511.3,YEN
100 1 _aYen, John.
_995769
245 1 0 _aFuzzy Logic :
_bIntelligence, Control, and Information /
_cJohn Yen and Reza Langari.
260 _aUpper Saddle River, N.J. :
_bPrentice Hall,
_cc1999.
300 _axxiv, 548 p. :
_bill. ;
_c25 cm.
505 _aIntroduction (Page-1), Fuzzy Implication and Approximate (Page-141), Fuzzy Logic and Probability Theory (Page-167), Fuzzy Logic in Control Engineering (Page-183), Hierarchical Intelligent Control (Page-227), Analytical Issues in Fuzzy Logic Control (Page-247), Fuzzy Logic and Artificial Intelligence (Page-277), Fuzzy Logic in Database and Information Systems (Page-319), Fuzzy Logic in Pattern Recognition (Page-351), Fuzzy Model Indemnification (Page-381), Advance Topics of Fuzzy Model Identification (Page-425), Neuro- Fuzzy Systems (Page-441), Genetic Algorithms and Fuzzy Logic (Page-469).
650 0 _aFuzzy logic.
_960142
700 1 _aLangari, Reza.
_995770
942 _cREF
_2ddc
999 _c175483
_d175483